| 000 | 01023nam a22002897a 4500 | ||
|---|---|---|---|
| 001 | 2892 | ||
| 003 | FISKH | ||
| 005 | 20240122145555.0 | ||
| 008 | 240122b cb ||||| |||| 00| 0 eng d | ||
| 040 |
_aFISKH _beng _cFISKH _dFISKH |
||
| 050 | _aPZ7 | ||
| 082 | _a823.914 | ||
| 100 | _aDale, Jenny | ||
| 245 |
_aFergus the friendly puppy / _cby Jenny Dale ; illustrated by Susan Hellard |
||
| 250 | _aThis edition published in 2015 | ||
| 260 |
_aLondon : _bMacmillan Books, _c2000 |
||
| 300 |
_a60 pages : _billustrations ; _c20 cm |
||
| 490 | _aJenny Dale's Puppy Tales | ||
| 505 | _aN | ||
| 520 | _aThe twelfth title in this popular series for younger readers. Each book focuses on a different puppy. This particular volume deals with the adventures of Fergus the friendly puppy. | ||
| 521 | 8 |
_a570 _bLexile estimate |
|
| 521 | 8 |
_aN
_bRaz-Plus |
|
| 650 |
_aAnimals _vJuvenile literature |
||
| 650 |
_aDog _vJuvenile literature |
||
| 700 |
_aHellard, Susan _eillustrator |
||
| 942 |
_2ddc _cBK _n0 |
||
| 999 |
_c2892 _d2892 |
||